| 000 | 00716nam a2200193 a 4500 | ||
|---|---|---|---|
| 001 | BRCA_1498 | ||
| 005 | 20190320203443.0 | ||
| 008 | 040512s2003 mx-a---##b---#000-0#spa-# | ||
| 020 | _a970186851X | ||
| 050 | 4 |
_aND259.R5 _b.M97 2003 |
|
| 245 | 1 | 0 |
_aDiego Rivera _blos muros en papel. |
| 260 |
_aMéxico _bCONACULTA : INBA : Museo Mural Diego Rivera _c2003 |
||
| 300 |
_a155 p. _bil. (algunas a color) _c27 cm. |
||
| 500 | _aCatálogo de la exposición realizada en el Museo Mural Diego Rivera (Ciudad de México), 2003 | ||
| 600 | 1 | 4 |
_aRivera, Diego _d1886-1957 _vExposiciones _94891 |
| 650 | 1 | 4 |
_aBocetos _vExposiciones _zMéxico _94892 |
| 650 | 1 | 4 |
_aPintura mural mexicana _vExposiciones _ySiglo XX _94893 |
| 942 |
_2lcc _cB |
||
| 999 |
_c1358 _d1358 |
||